000 01469nam a2200373Ia 4500
001 ebr10364743
003 CaPaEBR
006 m u
007 cr cn|||||||||
008 090901s2010 njua sb 001 0 eng d
010 _z 2009034177
020 _z9780691132969 (hardcover : alk. paper)
040 _aCaPaEBR
_cCaPaEBR
035 _a(OCoLC)697182426
050 1 4 _aQA297.6
_b.E44 2010eb
100 1 _aEgerstedt, Magnus.
245 1 0 _aControl theoretic splines
_h[electronic resource] :
_boptimal control, statistics, and path planning /
_cMagnus Egerstedt and Clyde Martin.
260 _aPrinceton :
_bPrinceton University Press,
_cc2010.
300 _ax, 217 p. :
_bill.
490 1 _aPrinceton series in applied mathematics
504 _aIncludes bibliographical references and index.
533 _aElectronic reproduction.
_bPalo Alto, Calif. :
_cebrary,
_d2011.
_nAvailable via World Wide Web.
_nAccess may be limited to ebrary affiliated libraries.
650 0 _aInterpolation.
650 0 _aSmoothing (Numerical analysis)
650 0 _aSmoothing (Statistics)
650 0 _aCurve fitting.
650 0 _aSplines.
650 0 _aSpline theory.
655 7 _aElectronic books.
_2local
700 1 _aMartin, Clyde.
710 2 _aebrary, Inc.
830 0 _aPrinceton series in applied mathematics.
856 4 0 _uhttp://site.ebrary.com/lib/rucke/Doc?id=10364743
_zAn electronic book accessible through the World Wide Web; click to view
999 _c214293
_d214293